| 000 | 00745nam a22002297a 4500 | ||
|---|---|---|---|
| 003 | PILC | ||
| 005 | 20151021102831.0 | ||
| 008 | 130921t xxu||||| |||| 00| 0 eng d | ||
| 020 | _a0913589799 | ||
| 050 |
_aGR 69 _b.M55 1995 |
||
| 082 |
_aGS 398.2 _bM55 |
||
| 100 |
_aMilord, Susan _914436 |
||
| 245 |
_aTales alive! : _bTen multiculcultural folktales with activities / _cMilord, Susan |
||
| 260 |
_aVermont : _bWilliamson Publishing, _c1995. |
||
| 300 |
_a127 p. : _bcol. ill. ; _c29 cm. |
||
| 586 | _aThe parents Choice Honors | ||
| 650 |
_aTales. _916015 |
||
| 650 |
_a Muticulturalism _xJuvinile literature. _921300 |
||
| 650 |
_aCreative activities and seat work _xJuvenile literature. _921301 |
||
| 942 |
_2lcc _cBK |
||
| 999 |
_c11911 _d11911 |
||